000 00372nam a2200169Ia 4500
008 221030s9999 xx 000 0 und d
020 _a007462146
041 _aEnglish
082 _a105.23
_bHay
100 _aW. H. Hayt
245 0 _aEngineering Electromagnetics
250 _a5th
260 _bTMH
_aNew Delhi
_c1997
300 _a472
650 _aEMT
942 _cBK
999 _c1148
_d1148